| 000 | 00475cam a2200205 4500 | ||
|---|---|---|---|
| 001 | B2497 | ||
| 008 | 090401t1974 xxu||||| |||| 00| 0 eng d | ||
| 035 | _a(Sirsi) u50330 | ||
| 041 | _aeng | ||
| 050 | _a333.33092 | ||
| 100 | _aTibbetts, T.Leslie | ||
| 245 | _aMake me an offer | ||
| 260 |
_aStourbridge _bThe author _c1974 |
||
| 300 | _a88p. : ill. ; 18cm. | ||
| 350 | _a6.95 | ||
| 650 | _aAUCTIONEERS | ||
| 650 | _aBIOGRAPHIES | ||
| 942 | _n0 | ||
| 948 | _c04/03/1997 | ||
| 999 |
_c92693 _d92693 |
||